El bautismo, la oración

Guardat en:
Dades bibliogràfiques
Autor principal: Tertuliano (Autor)
Format: Llibre
Idioma:espanyol
Publicat: Madrid Ciudad Nueva 2006
Edició:1a. ed
Col·lecció:Fuentes Patrísticas, 18
Matèries:
Etiquetes: Afegir etiqueta
Sense etiquetes, Sigues el primer a etiquetar aquest registre!

MARC

LEADER 00000cam a2200000 a 4500
001 UCC2587
003 CL-VaPUC
008 180309e20060000sp |||||||||||||||||spa|d
020 |a 8497151046 
082 0 4 |a 234.161  |b TER  |2 21 
100 0 |a Tertuliano  |e author  |9 531703 
245 1 3 |a El bautismo, la oración 
250 |a 1a. ed 
300 |a 406 p 
942 |c BK 
945 |d 20180309 22:06:00  |a arojas 
260 |a Madrid  |b Ciudad Nueva  |c 2006 
650 0 |a Sacramentos   |9 257270 
650 7 |a BAUTIZO  |2 CL-VaPUC  |9 479152 
650 0 |a Oración  |9 313348 
583 |a last modification  |c 20180309 22:06:00  |k Rodrigo Vera 
490 0 |a Fuentes Patrísticas, 18 
999 |c 370649  |d 370647 
952 |0 0  |1 0  |3 erd  |4 0  |6 234_161000000000000_TER_2006  |7 0  |8 A  |9 487220  |a BIBTEO  |b BIBTEO  |i 5453100  |o 234.161 TER 2006  |p 5453100  |r 2025-01-17  |w 2019-11-24  |y BK  |z Catalogado en:20180309  |k ICR